<?xml version="1.0" encoding="UTF-8"?>
<collection xmlns="http://www.loc.gov/MARC21/slim">
 <record>
  <leader>01563nam a2200217Ia 4500</leader>
  <controlfield tag="001">TDMU_21593</controlfield>
  <controlfield tag="008">210410s9999    xx            000 0 und d</controlfield>
  <datafield tag="082" ind1=" " ind2=" ">
   <subfield code="a">393.089</subfield>
  </datafield>
  <datafield tag="090" ind1=" " ind2=" ">
   <subfield code="b">KH106</subfield>
  </datafield>
  <datafield tag="100" ind1=" " ind2=" ">
   <subfield code="a">Kháng, A Tu</subfield>
  </datafield>
  <datafield tag="245" ind1=" " ind2="0">
   <subfield code="a">Nghi lễ tang ma và bài ca chỉ đường trong tang lễ nhóm Mông Đỏ huyện Mường Chà tỉnh Điện Biên</subfield>
  </datafield>
  <datafield tag="245" ind1=" " ind2="0">
   <subfield code="c">Kháng A Tu, Lầu Thị Mại, Chu Thùy Liên</subfield>
  </datafield>
  <datafield tag="260" ind1=" " ind2=" ">
   <subfield code="a">H.</subfield>
  </datafield>
  <datafield tag="260" ind1=" " ind2=" ">
   <subfield code="b">Văn hóa thông tin</subfield>
  </datafield>
  <datafield tag="260" ind1=" " ind2=" ">
   <subfield code="c">2014</subfield>
  </datafield>
  <datafield tag="300" ind1=" " ind2=" ">
   <subfield code="a">191tr.</subfield>
  </datafield>
  <datafield tag="520" ind1=" " ind2=" ">
   <subfield code="a">Gồm: Khái niệm, vị trí, tổ sư, dụng cụ, trang phục và bàn thờ của thầy Mo (Txirnênhz) trong đời sống dân tộc thiểu số tỉnh Điện Biên; nghi lễ tang ma khi tắt thở; bài ca chỉ đường trong tang lễ nhóm Mông Đỏ huyện Mường Chà tỉnh Điện Biên (phần lời Việt và lời Mông) về nguồn nước, sự tích, xin phép ma nhà, cá, các con vật...</subfield>
  </datafield>
  <datafield tag="650" ind1=" " ind2=" ">
   <subfield code="a">Phong tục</subfield>
   <subfield code="x">Ma chay (Tang lễ)</subfield>
   <subfield code="x">Dân tộc Mông Đỏ</subfield>
   <subfield code="z">Mường Chà (Điện Biên - Việt Nam); Ma chay (Tang lễ)</subfield>
   <subfield code="x">Dân tộc Mông Đỏ</subfield>
   <subfield code="z">Mường Chà (Điện Biên - Việt Nam); Dân tộc Mông Đỏ</subfield>
   <subfield code="x">Phong tục</subfield>
   <subfield code="x">Ma chay (Tang lễ)</subfield>
  </datafield>
  <datafield tag="700" ind1=" " ind2=" ">
   <subfield code="a">Hội Văn nghệ dân gian Việt Nam</subfield>
  </datafield>
  <datafield tag="856" ind1=" " ind2=" ">
   <subfield code="u">http://lrc.tdmu.edu.vn/opac/search/detail.asp?aID=2&amp;ID=21593</subfield>
  </datafield>
  <datafield tag="980" ind1=" " ind2=" ">
   <subfield code="a">Trung tâm Học liệu Trường Đại học Thủ Dầu Một</subfield>
  </datafield>
 </record>
</collection>
